Política de la teoría del lenguaje y la poesía en América Latina en el Siglo XX / (Registro nro. 13392)

Detalles MARC
000 -LIDER
fixed length control field 01909nam a22003017a 4500
003 - IDENTIFICACDOR DE NÚMERO DE CONTROL
control field DO-SdBNP
005 - DATE AND TIME OF LATEST TRANSACTION
control field 20220302083007.0
008 - ELEMENTOS DE LONGITUD FIJA
fixed length control field 210310b1995 dr 00| 0 spa d
020 ## - ISBN
International Standard Book Number 8489527024
040 ## - FUENTE DE CATALOGACIÓN
Agencia que crea de manera original el registro BPMSU
Idioma de catalogación spa.
Agencia que realiza la transcripción BPMSU
082 ## - NÚMERO DE CLASIFICACIÓN DECIMAL DE DEWEY
Classification number H861.09
Item number C422p, 1995
Edition number 22
100 ## - ASIENTO PRINCIPAL -- NOMBRE PERSONAL
Nombre personal Cépedes, Diógenes
Fechas asociadas con el nombre 1941 -
245 ## - MENCIÓN DE TITULO
Título Política de la teoría del lenguaje y la poesía en América Latina en el Siglo XX /
Mención de responsabilidad Diógenes Céspedes ; Isidro de los Santos
260 ## - PUBLICACIÓN, DISTRIBUCIÓN, ETC. (PIE DE IMPRENTA)
Lugar de publicación, distribución, etc Santo Domingo :
Nombre del editor, distribuidor, etc. Universidad Autónoma de Santo Domingo ;
-- Librería 1a Trinitaria,
Fecha de publicación, distribución, etc 1995
300 ## - DESCRIPCIÓN FÍSICA
Extensión 525 p. ;
Dimensiones 21 cm.
Otros detalles físicos
490 0# - MENCIÓN DE SERIES
Mención de serie Publicaciones de la Universidad Autónoma de Santo Domingo;
-- Literatura y sociedad:
Volume/sequential designation 749 /46
500 ## - NOTA GENERAL
Nota general Incluye datos biográficos del autor en la solapa de la cubierta
500 ## - NOTA GENERAL
Nota general Incluye referencias bibliográficas y notas al pie de las páginas
505 ## - NOTA DE CONTENIDO
Texto normalizado de contenido Lo poético y lo político en César Vallejo -- González Prada / El lenguaje y su relación con las utopías y los proyectos sociales 1880-1920 -- El efecto Rodó. Nacionalismo idealista vs Nacionalismo práctico : Los intelectuales antes de y bajo Trujillo -- El problema el valor literario en la teoría poética de Macedonio Fernández -- Teoría de lo político, teoría de la traducción en Octavio Paz -- Crítica de la teoría de la novela hispanoamericana contemporánea -- Sujeto y poético de la historia en Yo el supremo de Roa Bastos -- Marxismo, cultura y racionalismo en el discurso de José Carlos Mariategui -- Huidobro, ¿vanguardista?.
590 ## - NOTA LOCAL
Texto de la nota local Inventariado, 2021/ MC
650 #4 - ENCABEZAMIENTO DE MATERIA--TEMÁTICO
Término temático o nombre geográfico como elemento de entrada Poesía hispanoamericana
Subdivisión temática general Historia y crítica
Subdivisión cronológica Siglo XX
650 #4 - ENCABEZAMIENTO DE MATERIA--TEMÁTICO
Término temático o nombre geográfico como elemento de entrada Literatura hispanoamericana
Subdivisión temática general Historia y crítica
Subdivisión cronológica Siglo XX
650 #4 - ENCABEZAMIENTO DE MATERIA--TEMÁTICO
Término temático o nombre geográfico como elemento de entrada Novela hispanoamericana
Subdivisión temática general Historia y crítica
Subdivisión cronológica Siglo XX
650 #4 - ENCABEZAMIENTO DE MATERIA--TEMÁTICO
Término temático o nombre geográfico como elemento de entrada Literatura y sociedad
830 ## - ASIENTO SECUNDARIO DE SERIE--TÍTULO UNIFORME
Volume number/sequential designation
910 ## - VALIDACIÓN
Validación MCabrera / VMateo
942 ## - ADDED ENTRY ELEMENTS (KOHA)
Source of classification or shelving scheme Dewey Decimal Classification
Koha item type Libros
Existencias
Withdrawn status Lost status Source of classification or shelving scheme Damaged status Not for loan Collection code Home library Current library Date acquired Source of acquisition Inventory number Full call number Barcode Date last seen Copy number Price effective from Koha item type
    Dewey Decimal Classification     Colección Dominicana Biblioteca Pública Metropolitana Salomé Ureña Biblioteca Pública Metropolitana Salomé Ureña 03/10/2021 Compra BNPHU CD H861.09 C422p 1995 BPMSU21030016 03/10/2021 03/10/2021 Libros
    Dewey Decimal Classification     Colección Dominicana Biblioteca Pública Metropolitana Salomé Ureña Biblioteca Pública Metropolitana Salomé Ureña 03/10/2021 Compra BPMSU CD H861.09 C422p 1995 BPMSU21030015 03/10/2021 e.2 03/10/2021 Libros
    Dewey Decimal Classification       Biblioteca Pública Metropolitana Salomé Ureña Biblioteca Pública Metropolitana Salomé Ureña 03/10/2021 Compra   BPMSU CD H861.09 C422p 1995 BPMSU21030017 03/10/2021 e. 3 03/10/2021 Libros